000 00482nam a22001697a 4500
005 20250402151639.0
008 250402b |||||||| |||| 00| 0 eng d
020 _a9789392510632
041 _aeng
082 _a001.954
_bDAS B22480
100 _aDasgupta S.
245 _aA History of Indian Philosophy:
_bSouthern School of Saivism, Vol.-V
260 _aDelhi
_bMotilal Banarsidass International
_c2022
300 _a204p
500 _aIndian Knowledge System
942 _cBK
999 _c365862
_d365862